Most Awarded KPOP Artists - Statistics

General Stats
  • This quiz has been taken 103 times
    39 since last reset
  • The average score is 6 of 10
Answer Stats
Awards Artist % Correct
164 BTS
100%
123 Twice
91%
84 BIGBANG
78%
114 EXO
72%
94 Girls' Generation
72%
81 Seventeen
69%
74 IVE
63%
85 Red Velvet
50%
71 GFriend
22%
100 IU
16%
No matching quizzes found
Score Distribution
Percent of People with Each Score
Percentile by Number Answered
Your Score History
You have not taken this quiz since the last reset